Animando a leer : (Registro nro. 31074)
[ vista simple ]
| 000 -LEADER | |
|---|---|
| fixed length control field | 01622nam a22002777a 4500 |
| 003 - CONTROL NUMBER IDENTIFIER | |
| control field | OS |
| 005 - DATE AND TIME OF LATEST TRANSACTION | |
| control field | 20250916113251.0 |
| 008 - FIXED-LENGTH DATA ELEMENTS--GENERAL INFORMATION | |
| fixed length control field | 250916t |||a|||| |||| 00| 0 spa d |
| 020 ## - INTERNATIONAL STANDARD BOOK NUMBER | |
| International Standard Book Number | 9789582009229 |
| 037 ## - SOURCE OF ACQUISITION | |
| Source of stock number/acquisition | Donación |
| 040 ## - CATALOGING SOURCE | |
| Original cataloging agency | CO-JMCR |
| Language of cataloging | spa |
| Transcribing agency | CO-JMCR |
| Modifying agency | CO-JMCR |
| Description conventions | rda |
| 041 0# - LANGUAGE CODE | |
| Language code of text/sound track or separate title | spa |
| 082 04 - DEWEY DECIMAL CLASSIFICATION NUMBER | |
| Classification number | 028.55 |
| Item number | M29a |
| Edition number | 23 |
| 100 1# - MAIN ENTRY--PERSONAL NAME | |
| Personal name | Mantilla Sánchez, Lizette. |
| 9 (RLIN) | 44309 |
| 245 10 - TITLE STATEMENT | |
| Title | Animando a leer : |
| Remainder of title | técnicas para animar la lectura / |
| Statement of responsibility, etc. | Lizette Mantilla Sánchez. |
| 264 ## - PRODUCTION, PUBLICATION, DISTRIBUTION, MANUFACTURE, AND COPYRIGHT NOTICE | |
| Place of production, publication, distribution, manufacture | Bogotá : |
| Name of producer, publisher, distributor, manufacturer | Cooperativa Editorial Magisterio, |
| Date of production, publication, distribution, manufacture, or copyright notice | 2008. |
| 300 ## - PHYSICAL DESCRIPTION | |
| Extent | 137 páginas : |
| Other physical details | ilustraciones ; |
| Dimensions | 21 cm. |
| 504 ## - BIBLIOGRAPHY, ETC. NOTE | |
| Bibliography, etc. note | Incluye bibliografía (página 131) |
| 505 ## - FORMATTED CONTENTS NOTE | |
| Formatted contents note | 1. Animación a la lectura--2. Libros y lectura para niños--3. Promoción de la lectura--4. Libros y lectura I.Tit. -- II. Serie |
| 520 ## - SUMMARY, ETC. | |
| Summary, etc. | En el campo de la enseñanza, las dinámicas ejercen un poder de atracción. Hoy, más que nunca hay necesidad de utilizarlas para motivar a los niños y adolescentes a que lean y especialmente, para generar en ellos el deseo de la lectura.<br/>Animando a leer tiene ese propósito claro: estimular mediante procesos divertidos el gusto por la lectura. Es un texto de gran ayuda. Copila consejos y juegos basados en la experiencia de la autora. Este material, abre muchas posibilidades a los interesados en sembrar semillas lectoras para romper con esa apatía hacia los libros. |
| 650 24 - SUBJECT ADDED ENTRY--TOPICAL TERM | |
| Topical term or geographic name entry element | Animación a la lectura. |
| Source of heading or term | JMCR |
| 9 (RLIN) | 44310 |
| 650 24 - SUBJECT ADDED ENTRY--TOPICAL TERM | |
| Topical term or geographic name entry element | Libros y lectura para niños. |
| Source of heading or term | JMCR |
| 9 (RLIN) | 2184 |
| 650 24 - SUBJECT ADDED ENTRY--TOPICAL TERM | |
| Topical term or geographic name entry element | Promoción de la lectura. |
| Source of heading or term | JMCR |
| 9 (RLIN) | 44235 |
| 650 24 - SUBJECT ADDED ENTRY--TOPICAL TERM | |
| Topical term or geographic name entry element | Libros y lectura. |
| Source of heading or term | JMCR |
| 9 (RLIN) | 44233 |
| 942 ## - ADDED ENTRY ELEMENTS (KOHA) | |
| Source of classification or shelving scheme | Dewey Decimal Classification |
| Koha item type | Books |
| Withdrawn status | Lost status | Source of classification or shelving scheme | Damaged status | Not for loan | Collection code | Home library | Current library | Shelving location | Date acquired | Source of acquisition | Total Checkouts | Full call number | Barcode | Date last seen | Copy number | Price effective from | Koha item type |
|---|---|---|---|---|---|---|---|---|---|---|---|---|---|---|---|---|---|
| Dewey Decimal Classification | Non-fiction | Biblioteca Pública José María del Castillo y Rada | Biblioteca Pública José María del Castillo y Rada | Book Cart | 09/14/2022 | Donación | 028.55 M29a | 201812649 | 09/16/2025 | Ej.1 | 09/16/2025 | Books |